The graywolf annual eight : (Record no. 6623)

MARC details
000 -LEADER
fixed length control field 00489nam a22001817a 4500
003 - CONTROL NUMBER IDENTIFIER
control field OSt
005 - DATE AND TIME OF LATEST TRANSACTION
control field 20200213093544.0
008 - FIXED-LENGTH DATA ELEMENTS--GENERAL INFORMATION
fixed length control field 200213b ||||| |||| 00| 0 eng d
020 ## - INTERNATIONAL STANDARD BOOK NUMBER
International Standard Book Number 1555971520
040 ## - CATALOGING SOURCE
Transcribing agency 040a
082 ## - DEWEY DECIMAL CLASSIFICATION NUMBER
Classification number 306.85
Item number GRA 1991
245 ## - TITLE STATEMENT
Title The graywolf annual eight :
Remainder of title the new family /
Statement of responsibility, etc. edited by Scott Walker
260 ## - PUBLICATION, DISTRIBUTION, ETC. (IMPRINT)
Place of publication, distribution, etc. Minnesota
Name of publisher, distributor, etc. Graywolf press
Date of publication, distribution, etc. 1991
300 ## - PHYSICAL DESCRIPTION
Extent vi, 331p;
Dimensions 12 cm.
650 ## - SUBJECT ADDED ENTRY--TOPICAL TERM
Source of heading or term Family
700 ## - ADDED ENTRY--PERSONAL NAME
Personal name Walker, Scott
9 (RLIN) 13625
942 ## - ADDED ENTRY ELEMENTS (KOHA)
Source of classification or shelving scheme Dewey Decimal Classification
Koha item type Open Shelf
Holdings
Withdrawn status Lost status Source of classification or shelving scheme Damaged status Not for loan Home library Current library Date acquired Source of acquisition Inventory number Total Checkouts Full call number Barcode Date last seen Price effective from Koha item type
    Dewey Decimal Classification     MUST Main Library MUST Main Library 13/02/2020 Donation 2003/20299   306.85 GRA 1991 2020-0453 13/02/2020 13/02/2020 Open Shelf